Fine-grained access control for database management systems (Record no. 489032)
[ view plain ]
| 000 -LEADER | |
|---|---|
| fixed length control field | 00328nam a22001217a 4500 |
| 082 ## - DEWEY DECIMAL CLASSIFICATION NUMBER | |
| Classification number | MS-CCS-4 RAH |
| 100 ## - MAIN ENTRY--PERSONAL NAME | |
| Personal name | Rahat Masood |
| 245 ## - TITLE STATEMENT | |
| Title | Fine-grained access control for database management systems |
| 260 ## - PUBLICATION, DISTRIBUTION, ETC. | |
| Place of publication, distribution, etc. | Islamabad |
| Name of publisher, distributor, etc. | NUST university |
| Date of publication, distribution, etc. | 2013 |
| 300 ## - PHYSICAL DESCRIPTION | |
| Extent | 191p. : |
| 500 ## - GENERAL NOTE | |
| General note | Supervisor: Dr. Awais Shibli |
| 942 ## - ADDED ENTRY ELEMENTS (KOHA) | |
| Koha item type | Project Report |
| Withdrawn status | Lost status | Damaged status | Not for loan | Collection code | Permanent Location | Current Location | Shelving location | Date acquired | Total Checkouts | Full call number | Barcode | Date last seen | Price effective from | Koha item type | Source of classification or shelving scheme |
|---|---|---|---|---|---|---|---|---|---|---|---|---|---|---|---|
| Central Library (CL) | Central Library (CL) | General Stacks | 12/18/2013 | MS-CCS-4 RAH | SEECSP01299 | 12/18/2013 | 09/26/2018 | Project Report | |||||||
| Central Library (CL) | Central Library (CL) | Thesis | 10/14/2019 | 004 | CL-T-3426 | 10/14/2019 | 10/14/2019 | Thesis |
